000 01266nam a2200253Ia 4500
999 _c54957
_d54957
001 22028
003 GE_BSU
005 20220927122836.0
008 181216s ||||ge |||||||||||||| ||geo||
040 _cGE_BSU
041 _ageo
080 _a821.353.1.09 ქ-15
100 _aქავთარია, მ.
_91179
245 _aდავით გარეჯის ლიტერატურული სკოლა = Литературная школа Давида Гаредж :
_b[მონოგრაფია] /
_cმ. ქავთარია ; რედ. ე. მეტრეველი.
264 _aთბილისი :
_bმეცნიერება,
_c1965.
300 _a191 გვ. ;
_c22 სმ.
541 _h6ლ.
653 _aდავით გარეჯის ლიტერატურული სკოლა = Литературная школа Давида Гаредж .
653 _aქართული კულტურის კერები
653 _aქართული ლიტერატურა
653 _aქართული ლიტერატურის ისტორია
700 _aმეტრეველი, ე.
_eრედაქტორი
_91788
942 _cBK
_2udc